Uluslararası ilişkiler tarihi : (Record no. 14560)
[ view plain ]
| 000 -BAŞLIK | |
|---|---|
| Sabit Uzunlukta Kontrol Alanı | 00892nam a2200241 4500 |
| 999 ## - SİSTEM KONTROL NUMARALARI (KOHA) | |
| Koha Biblionumber | 14560 |
| Koha Biblioitemnumber | 14560 |
| 003 - KONTROL NUMARASI IDENTIFIER | |
| Denetim Alanı | MIRAKIL |
| 005 - SON İŞLEM TARİHİ VE ZAMANI | |
| Denetim Alanı | 20211019125405.0 |
| 008 - SABİT-BOY VERİ ELEMANLARI - GENEL BİLGİLER | |
| Sabit Uzunlukta Kontrol Alanı | 211019b tu ||||| |||| 00| 0 tur d |
| 040 ## - KATALOGLAMA KAYNAK | |
| Orijinal Kataloglama Ajansı | TR-AnCHP |
| Metne Dönüştürmek Ajansı | TR-AnCHP |
| 041 ## - DİL KODU | |
| Metin / Ses Parça Veya Ayrı Başlığın Dil Kodu | Tur |
| 082 ## - DEWEY ONLU SINIFLANDIRMA NUMARASI | |
| Sınıflandırma Numarası | 327.09 |
| Ürün Numarası | U48 1977 |
| 245 10 - BAŞLIK TABLOSU | |
| Başlık | Uluslararası ilişkiler tarihi : |
| Başlığın Kalan | Başlangıçtan bugüne diplomasi tarihi / |
| Sorumluluk Tablosu, Vb | Vladimir Potyemkin...[ve başkaları] ; çeviren : Attila Tokatlı |
| 246 ## - UNVAN FORM VARYING | |
| Başlık Doğru / Kısa Başlığı | Başlangıçtan bugüne diplomasi tarihi |
| 260 ## - YAYIN, DAĞITIM, VB | |
| Yayın, Dağıtım, Vb Yeri | İstanbul : |
| Yayıncı, Dağıtıcı, Vs Adı | May Yayınları, |
| Yayın, Dağıtım, Vb Tarihi | 1977, 1978, 1980. |
| 300 ## - FİZİKSEL TANIM | |
| Kapsam | c.<2, 3, 4> ; |
| Boyutlar | 24 sm. |
| 490 0# - SERİSİ TABLOSU | |
| Seri Beyanı | Bilim, belge, inceleme ; |
| -- | Büyük dizi ; |
| Hacim / Ardışık Tanımı | 74. |
| -- | 4. |
| 504 ## - KAYNAKÇA VB NOT | |
| Kaynakça Vb Notu | Kaynakça vardır. |
| 650 #0 - KONU KATMA GİRİŞ - TOPİKAL DÖNEM | |
| 9 (RLIN) | 5349 |
| Topikal Süreli Veya Coğrafi Ad Giriş Elemanı | Uluslararası ilişkiler |
| Genel Alt Bölümü | Tarih |
| 650 #0 - KONU KATMA GİRİŞ - TOPİKAL DÖNEM | |
| 9 (RLIN) | 5466 |
| Topikal Süreli Veya Coğrafi Ad Giriş Elemanı | Diplomasi |
| Genel Alt Bölümü | Tarih |
| 700 1# - KATMA GİRİŞ - KİŞİSEL İSİM | |
| 9 (RLIN) | 1443 |
| Kişisel Ad | Tokatlı, Attila |
| Relator Terim | çev. |
| 740 ## - KATMA GİRİŞ - KONTROLSUZ İLGİLİ / ANALİTİK BAŞLIK | |
| Kontrol Edilmeyen / İlgili Analitik Başlıktaki | Başlangıçtan bugüne diplomasi tarihi |
| 942 ## - EKLENDİ GİRİŞ ELEMANLARI (KOHA) | |
| Sınıflandırma Veya Raf Düzeni Kaynak | Dewey Decimal Classification |
| Koha Öğesi Türü | Books |
| Kalıcı Konum | Mevcut Konum | Edinme Tarihi | Toplam Check-Out'Lar | Tam Çağrı Numarası | Barkod | Tarih Son Görülme | Kopya Sayısı | İtibaren Geçerli Fiyatlar | Sigara Kamu Notu | Koha Öğesi Türü |
|---|---|---|---|---|---|---|---|---|---|---|
| CHP Kütüphanesi | CHP Kütüphanesi | 10/19/2021 | 327.09 U48 1977 | 020055 | 10/19/2021 | c.2 | 10/19/2021 | Emin Değer Bağışıdır. | Books | |
| CHP Kütüphanesi | CHP Kütüphanesi | 10/19/2021 | 327.09 U48 1977 | 020056 | 10/19/2021 | c.3 | 10/19/2021 | Emin Değer Bağışıdır. | Books | |
| CHP Kütüphanesi | CHP Kütüphanesi | 10/19/2021 | 327.09 U48 1977 | 020057 | 10/19/2021 | c.4 | 10/19/2021 | Emin Değer Bağışıdır. | Books | |
| CHP Kütüphanesi | CHP Kütüphanesi | 12/15/2021 | 327.09 U48 1977 | 020175 | 12/15/2021 | c.1 | 12/15/2021 | Emin Değer Bağışıdır. | Books |
